| 000 | 01348nam a22002657a 4500 | ||
|---|---|---|---|
| 003 | UA-OsUOA | ||
| 001 | 65107 | ||
| 007 | ta | ||
| 008 | 20091113b un ||||| |||| 00| 0 ukr d | ||
| 100 | _aМартынчик Е. | ||
| 090 |
_a343.13 _bМ29 |
||
| 942 | _cBK | ||
| 040 |
_aUA-OsUOA _brus _cUA-OsUOA _dUA-OsUOA |
||
| 245 | _aАдвокатское расследование в уголовному процессе | ||
| 300 | _a239 с. | ||
| 955 | _a2 | ||
| 041 | _arus | ||
| 080 | _a343.13 | ||
| 020 | _a978-5-238-01704-4 | ||
| 520 | 3 | _aРабота посвящена разработке различных аспектов адвокатского расследования. Охвачены следующие блоки основных вопросов: теоретико-методологические основы доктрины адвокатского расследования; концепция адвокатского расследования; модель адвокатского рас | |
| 520 | 3 | _aследования в уголовном процессе. Для студентов и преподавателей юридических вузов и факультетов. | |
| 260 | _aМ. | ||
| 650 | 7 |
_a343 Кримінальне право. Карні порушення _2UDC |
|
| 999 |
_c351223 _d351223 |
||